| 000 | 00719nam a2200241 a 4500 | ||
|---|---|---|---|
| 001 | 57933 | ||
| 005 | 20180714054328.0 | ||
| 008 | 140415s1990 mx r 000 0 spa d | ||
| 020 | _a9686382224 | ||
| 041 | 0 | _aspa | |
| 082 | 0 |
_a972.7264 _bNEG |
|
| 100 | 1 |
_aNegrín Muñoz, Alejandro, _eautor |
|
| 245 | 1 | 0 |
_aCampeche : _bbibliografía comentada / _cAlejandro Negrín. |
| 250 | _aPrimera edición | ||
| 264 | 1 |
_aMéxico : _bInstituto Mora, _c1990 |
|
| 300 |
_a77 páginas ; _c17 cm. |
||
| 336 |
_atexto _2rdacontent |
||
| 337 |
_asin mediación _2rdamedia |
||
| 338 |
_avolumen _2rdacarrier |
||
| 490 | 0 | _aColección Fuentes | |
| 651 | 4 |
_aCampeche _xHistoria |
|
| 651 | 4 |
_aCampeche _xBibliografías |
|
| 999 |
_c57933 _d57933 |
||